Women and development: a structural approach /
sin resumen
Guardado en:
| 主要作者: | |
|---|---|
| 格式: | Texto |
| 主題: | |
| 標簽: |
添加標簽
沒有標簽, 成為第一個標記此記錄!
|
MARC
| LEADER | 00000 a a2200000 04500 | ||
|---|---|---|---|
| 001 | 134 | ||
| 003 | |||
| 040 | |||
| 100 | |a George, Janet | ||
| 245 | |a Women and development: |b a structural approach / |c Janet George | ||
| 520 | |a sin resumen | ||
| 650 | |a MUJER | ||
| 650 | |a ESTILOS DE DESARROLLO | ||
| 650 | |a AMERICA LATINA | ||
| 773 | |g número 28; páginas 61-70 | ||
| 999 | |c 23358 |d 23358 | ||
| 773 | 0 | |0 18808 |9 3128 |a Asociación Latinoamericana de Escuelas de Trabajo Social |d Lima, Perú |o 02798 |t REVISTA ACCIÓN CRÍTICA | |
